01933nam a2200349uu 4500001000800000005001700008008004100025020001800066035001200084040001300096041000800109080000700117100003400124245002600158250001700184260005500201300004300256520071700299650003401016650005201050650003601102650005401138700004001192700003801232700003801270700004301308700003501351700003701386942000901423999001901432952013201451142554220260508090129.0151027s2012 spa  a9788493977238 a1425542 ccomduadb aspa aB/10aSfar, Joann4auteaut968741110aBrassens, la libertad a1. edición aLogroño (España) :bFulgencio Pimentel,c2012. a117 páginas :bilustraciones a color3 a"Joann Sfar realizó este vademécum apasionado y a ratos delirante, formado por decenas de ilustraciones y alrededor de ochenta páginas de puro tebeo que comienzan como una autoparodia, para acabar ahondando en el lado más íntimo del artista galo. Esta edición aporta además las visiones de cuatro periodistas especializados que son como cuatro puntos cardinales de nuestra educación musical y sentimental: Juan de Pablos, Dildo de Congost, Patricia Godes y Vicente Fabuel firman respectivamente una introducción, un irreverente perfil biográfico y patológico del artista, un repaso al legado puramente lírico de su cancionero y un análisis de su influencia a este lado de los Pirineos." aHistorietas gráficas929210 7aTiras cómicas, historietas, etc.2lemb960870 aCaricaturistas franceses938467 aBrassens, George, 1921-1981 - Biografía922159510aCongost, Dildo de4auteaut975216710aFabuel, Vicente4auteaut972171310aGodes, Patricia4auteaut975885810aPablos Pons, Juan de4auieaui939168510aRamo, José4trletrl972159610aRopero, Miguel4phtepht9740088 cBOOK c727430d727430 001040708COBIOaBCbBCd2015-10-27eIcarog85000.00iC1235296l0oB B823sp1032892r2023-11-04 00:00:00t1w2023-05-03yBOOK